| 000 | 02950nkc a22003137a 4500 | ||
|---|---|---|---|
| 001 | 85811 | ||
| 005 | 20260422094434.0 | ||
| 007 | kh bo | ||
| 008 | 260416s1890 sp ||||| |||| |0| i|spa d | ||
| 040 |
_aM-RABA _bspa _cM-RABA |
||
| 245 | 0 | 1 |
_a[Pilas bautismales en Castilla y León] _h[Material gráfico] |
| 260 | _c[ca. 1890] | ||
| 300 |
_a2 fotografías _b: aristotipo a la gelatina _c; 12,9 x 17,8 cm (medidas mínimas) _c; 22,5 x 17,5 cm imagen (medidas máximas) |
||
| 500 | 0 | 0 | _aConjunto de dos fotografías correspondientes a dos pilas bautismales ubicadas, en concreto en Iglesia de Santa María de los Reyes, en Laguardia, Álava, y en la Iglesia de Nuestra Señora de las Nieves (Polentinos, Palencia). |
| 500 | 0 | 0 | _aAmbas fotografías corresponden a aristotipos a la gelatina con acabado mate. Una de las imágenes se encuentra virada al oro o tonos cálidos y presenta una de sus esquinas rasgada y adherida en la parte del verso con cinta para evitar su pérdida completa (Fot-654). La segunda imagen, en blanco y negro presenta un espejo de plata bastante visible que se inicia en los bordes hacia el interior, deterioro típico de la plata en este tipo de materiales (Fot-655) |
| 500 | 0 | 0 | _aIdentificaciones basadas en de Goicoechea y Araluze, Néstor de, "Las riquezas artísticas de Laguardia (Alaba)", Pyrenaica, Federación Vasco-Navarra de Montañismo, nº 3, 1966, p. 196. (Disponible online https://pyrenaica.emf.eus/wp-content/uploads/aldizkariak/082/pyrenaica_082.pdf) y Hernando Garrido, José Luis; Alonso Moreno, Miriam Raquel "Polentinos", Enciclopedia del Románico en Castilla y León, T. IV. Palencia v. I, 2002, pp. 565-566 (Disponible online https://www.romanicodigital.com/sites/default/files/pdfs/files/palencia_POLENTINOS.pdf) |
| 505 | _aFot-654: Iglesia de Santa María de los Reyes (Laguardia, Ávila). Fot-655: Iglesia de Nuestra Señora de las Nieves (Polentinos, Palencia). | ||
| 510 | _aGoicoechea y Araluze, Néstor de, "Las riquezas artísticas de Laguardia (Alaba)", Pyrenaica, Federación Vasco-Navarra de Montañismo, nº 3, 1966, p. 196. | ||
| 510 | _aHernando Garrido, José Luis; Alonso Moreno, Miriam Raquel "Polentinos", Enciclopedia del Románico en Castilla y León, T. IV. Palencia v. I, 2002, pp. 565-566. | ||
| 610 | 1 | 0 |
_aIglesia de Nuestra Señora de las Nieves (Polentinos, Palencia) _9111674 |
| 610 | 1 | 0 |
_aIglesia de Santa María de los Reyes (Laguardia, Álava) _9111675 |
| 651 | 7 |
_aÁlava _2embne _975661 |
|
| 651 | 7 |
_aPalencia (España) _975329 |
|
| 655 | 0 |
_aFotografías de monumentos _9111580 |
|
| 852 | _jFot-654; Fot-655 | ||
| 856 |
_uhttps://archivoybiblioteca.realacademiabellasartessanfernando.com/cgi-bin/koha/opac-retrieve-file.pl?id=e971642275f4dc82ecdfa30066215904 _yFot-654 |
||
| 856 |
_uhttps://archivoybiblioteca.realacademiabellasartessanfernando.com/cgi-bin/koha/opac-retrieve-file.pl?id=c2c0fb9d38daf23f4a0a8a09f97b3771 _yFot-655 |
||
| 942 |
_cFOTOGRAFÍA _n0 |
||
| 999 |
_c85811 _d85811 |
||